| 000 | 00989cam a22002651 4500 | ||
|---|---|---|---|
| 001 | l 50000059 | ||
| 003 | DLC | ||
| 005 | 20260227111541.0 | ||
| 008 | 790803s1949 dcu f000 0 eng c | ||
| 010 | _al 50000059 | ||
| 035 | _a(OCoLC)5236263 | ||
| 040 |
_aU. S. Dept. of Labor. Library _cWU _dWU _dOCoLC _dDLC |
||
| 043 | _an-us--- | ||
| 050 | 0 | 0 |
_aHD6093 _b.A35 no. 232 |
| 082 | 0 | 0 |
_a331.4 s _a331.4/0973 _221 |
| 100 | 1 |
_aBeyer, Sylva S. _q(Sylva Sternoff) |
|
| 245 | 1 | 0 |
_aWomen's jobs, advance and growth _c[by Sylva S. Beyer. |
| 260 |
_aWashington, _bU.S. Govt. Print. Off., _c1949] |
||
| 300 |
_aiv, 88 p. _c24 cm. |
||
| 410 | 1 | 0 |
_aU.S. Women's Bureau. _tBulletin _vno. 232 |
| 500 | _aPopularized version of ed. issued in 1947 under title: Women's occupations through seven decades, by Janet M. Hooks. | ||
| 650 | 0 |
_aWomen _xEmployment _zUnited States. |
|
| 650 | 0 |
_aOccupations _zUnited States. |
|
| 700 | 1 |
_aHooks, Janet Montgomery. _tWomen's occupations through seven decades. |
|
| 999 |
_c36687 _d36687 |
||